000 00656nam a2200253Ia 4500
003 OSt
005 20221005131919.0
006 a|||||r|||| 00| 0
007 ta
008 221004b |||||||| |||| 00| 0 tam d
024 _a55771
037 _cTextual
040 _aCRL
_cCRL
_btam
041 _2tam
_atam
082 _aT:3(P31), 111L2
100 _aKerslake Prechy C Au.
_9640290
245 0 _aTamil course for Europeanschools
260 _c1972
650 _a TAMIL LANGUAGE
650 _a TEACHING
_934578
650 _aEDUCATION
942 _hT:3(P31), 111L2
_cTEXL
_2cc
999 _c1061816
_d1061816